Football Clubs' Rich List - Statistics

General Stats
  • This quiz has been taken 864 times
    418 since last reset
  • The average score is 18 of 20
Answer Stats
Nation Value Answer % Correct
2 Spain $4,205m FC Barcelona
100%
5 England $2,688m Manchester City
100%
3 England $3,983m Manchester United
100%
1 Spain $4,231m Real Madrid
100%
4 Germany $3,024m Bayern Munich
99%
6 England $2,576m Chelsea
99%
7 England $2,667m Arsenal
98%
10 Italy $1,512m Juventus
98%
8 England $2,183m Liverpool
98%
11 France $1,092m Paris Saint-Germain
98%
18 Italy $583m AC Milan
96%
13 Germany $896m Borussia Dortmund
96%
15 Italy $672m Inter Milan
96%
9 England $1,624m Tottenham Hotspur
96%
12 Spain $953m Atlético Madrid
95%
16 Italy $622m Roma
84%
20 England $381m Newcastle United
75%
19 England $476m Everton
72%
17 England $616m West Ham United
72%
14 Germany $683m Schalke 04
54%
No matching quizzes found
Score Distribution
Percent of People with Each Score
Percentile by Number Answered
Your Score History
You have not taken this quiz since the last reset